Lead levels in soil-water-plant chain from a foresty ecosystem

Lead level was determined in soil (20 cm and 40 cm deep), water (water sources for wild game) and plants from three Forest Districts placed in areas with different degree of pollution. Determination of lead concentration was made in forestry ecosystem to see the impact of heavy metals (lead) on wild...

Teljes leírás

Elmentve itt :
Bibliográfiai részletek
Szerzők: Trif Alexandra
Macinic Ioan
Muselin Florin
Testületi szerző: International Symposium on Analytical and Environmental Problems (17.) (2011) (Szeged)
Dokumentumtípus: Könyv része
Megjelent: SZAB Szeged 2012
Sorozat:Proceedings of the International Symposium on Analytical and Environmental Problems 17
Kulcsszavak:Környezetkémia, Erdő - ökológia
Tárgyszavak:
Online Access:http://acta.bibl.u-szeged.hu/76422
LEADER 01787naa a2200265 i 4500
001 acta76422
005 20220822102338.0
008 220809s2012 hu o 1|| eng d
020 |a 978-963-315-066-5 
040 |a SZTE Egyetemi Kiadványok Repozitórium  |b hun 
041 |a eng 
100 1 |a Trif Alexandra 
245 1 0 |a Lead levels in soil-water-plant chain from a foresty ecosystem  |h [elektronikus dokumentum] /  |c  Trif Alexandra 
260 |a SZAB  |b Szeged  |c 2012 
300 |a 197-199 
490 0 |a Proceedings of the International Symposium on Analytical and Environmental Problems  |v 17 
520 3 |a Lead level was determined in soil (20 cm and 40 cm deep), water (water sources for wild game) and plants from three Forest Districts placed in areas with different degree of pollution. Determination of lead concentration was made in forestry ecosystem to see the impact of heavy metals (lead) on wildlife. In soil lead concentration was in limits at both depths (20cm and 40 cm) for all three Forest Districts, in water samples lead level exceeded the maximum admitted limit for drinking water (0.01 ppm) and for surface water (0.01 ppm) and from ecological point of view were in the Vth quality class. Lead concentration was under the maximum admitted limits for plants in all three Forest Districts. 
650 4 |a Természettudományok 
650 4 |a Kémiai tudományok 
650 4 |a Föld- és kapcsolódó környezettudományok 
695 |a Környezetkémia, Erdő - ökológia 
700 0 1 |a Macinic Ioan  |e aut 
700 0 1 |a Muselin Florin  |e aut 
711 |a International Symposium on Analytical and Environmental Problems (17.) (2011) (Szeged)  |c Szeged  |d 2011. szeptember 19. 
856 4 0 |u http://acta.bibl.u-szeged.hu/76422/1/proceedings_of_isaep_2011_197-199.pdf  |z Dokumentum-elérés